[Event "It (festival) \"]
[Site "masterchessopen.com – Bratto (Italy)"]
[Date "2005.11.20"]
[Round "5"]
[White "Astengo Marcello (ITA)"]
[Black "Agrifoglio Fabio (ITA)"]
[Result "1-0"]
[WhiteElo "2077"]
[BlackElo "2031"]

1.d4 e6 2.c4 Nf6 3.Nc3 Bb4 4.f3 d5 5.a3 Be7 6.e4 O-O 7.e5 Ne8 8.cxd5 exd5
9.Bd3 f6 10.Qc2 Nc6 11.Bxh7+ Kh8 12.Nge2 fxe5 13.dxe5 Nxe5 14.O-O Bc5+ 15.Kh1
Qh4 16.Nxd5 Ng4 17.Bf4 Nxh2 18.Bxh2 Bd6 19.Nef4 Rxf4 20.g3 Rc4 21.gxh4 Rxc2
22.Bxc2 {#r} 1-0

[Event "Cup Rilton"]
[Site "masterchessopen.com – Stockholm (Sweden)"]
[Date "2005.12.27"]
[Round "1"]
[White "Hallerod Ralph (SWE)"]
[Black "Rozentalis Eduardas (LTU)"]
[Result "0-1"]
[WhiteElo "2178"]
[BlackElo "2585"]

1.d4 Nf6 2.c4 e6 3.Nc3 Bb4 4.f3 d5 5.cxd5 Nxd5 6.Qd3 c5 7.Bd2 Qh4+ 8.g3 Qxd4
9.Qxd4 cxd4 10.Nxd5 Bxd2+ 11.Kxd2 exd5 12.Bh3 Nc6 13.Rc1 Ke7 14.f4 Kd6 15.Bxc8
Raxc8 16.Nf3 Rhe8 17.Rc2 Rxe2+ 18.Kxe2 d3+ 19.Kd2 dxc2 20.Kxc2 {#R} 0-1

[Event "It"]
[Site "masterchessopen.com – Richmond Hill (Canada)"]
[Round "4"]
[White "Zubac Marius (CAN)"]
[Black "Corrales Fidel (CUB)"]
[Result "0-1"]
[WhiteElo "2217"]
[BlackElo "2496"]

1.d4 Nf6 2.c4 e6 3.Nc3 Bb4 4.f3 d5 5.a3 Be7 6.e4 dxe4 7.fxe4 e5 8.dxe5 Qxd1+
9.Nxd1 Nxe4 10.Bd3 Nc5 11.Bc2 Nc6 12.Nf3 Bg4 13.Bf4 Bxf3 14.gxf3 Nd4 15.Rc1
Nxc2+ 16.Rxc2 Nd3+ 17.Ke2 Nxf4+ 18.Ke3 g5 19.Ke4 O-O-O 20.Ne3 Rhe8 21.Kf5 Rd4
22.e6 Nxe6 23.Rc3 Rf4+ {#R} 0-1

[Event "Ch Corse"]
[Site "masterchessopen.com – Bastia (France)"]
[Round "2"]
[White "Chabanier Gerald (FRA)"]
[Black "Rosier Kevin (FRA)"]
[Result "0-1"]
[WhiteElo "1453"]
[BlackElo "1685"]

1.d4 Nf6 2.c4 e6 3.Nc3 Bb4 4.f3 c5 5.a3 Qa5 6.Qd2 cxd4 7.Qxd4 Nc6 8.Qd2 d5
9.e4 d4 10.Nge2 dxc3 11.Nxc3 Bxc3 12.bxc3 O-O 13.Bd3 Rd8 14.O-O Ne5 15.f4 Nxd3
{#R} 0-1

[Event "Ch France (team) (nat.2) 2005/06"]
[Site "masterchessopen.com – France"]
[Date "2006.03.12"]
[Round "9"]
[White "Sar Frederic (FRA)"]
[Black "Ikonnikov Vyacheslav (RUS)"]
[Result "0-1"]
[WhiteElo "2116"]
[BlackElo "2587"]

1.d4 Nf6 2.c4 e6 3.Nc3 Bb4 4.f3 c5 5.d5 exd5 6.cxd5 d6 7.e4 O-O 8.Bd3 Nbd7
9.Ne2 Ne5 10.Bc2 Re8 11.O-O Bd7 12.Bg5 h6 13.Bh4 Qe7 14.g4 Ng6 15.Bg3 b5
16.Kg2 Ba5 17.h4 b4 18.Nb1 Bb5 19.Ba4 Nxg4 20.fxg4 Qxe4+ 21.Kh2 Bxe2 22.Qc1
Bxf1 {#R} 0-1

[Event "Tournament (open)"]
[Site "masterchessopen.com – Cagliari (Italy)"]
[Date "2006.03.25"]
[Round "1"]
[White "Putzolu Marcello (ITA)"]
[Black "Camboni Paolo (ITA)"]
[Result "0-1"]
[WhiteElo "1826"]
[BlackElo "1863"]

1.d4 Nf6 2.c4 e6 3.Nc3 Bb4 4.f3 O-O 5.e4 d5 6.Bg5 h6 7.Bh4 g5 8.Bg3 dxe4 9.a3
Bxc3+ 10.bxc3 exf3 11.Qxf3 Nbd7 12.h4 e5 13.hxg5 hxg5 14.Bxe5 Nxe5 15.dxe5 Re8
16.Bd3 Rxe5+ 17.Ne2 Bg4 18.Qg3 Qe7 19.Ra2 Re8 20.Qh2 Nh5 21.g3 Bxe2 22.Rxe2
Rxe2+ 23.Bxe2 Qxe2+ 24.Qxe2 Rxe2+ {#R} 0-1

[Event "Ch Russia (juniors) (under 18)"]
[Site "masterchessopen.com – Dagomys (Russia)"]
[Round "7"]
[White "Zacurdajev Mikhail (RUS)"]
[Black "Zharov Dmitry (RUS)"]
[Result "1-0"]
[WhiteElo "2376"]
[BlackElo "2339"]

1.d4 Nf6 2.c4 e6 3.Nc3 Bb4 4.f3 c5 5.d5 d6 6.e4 O-O 7.Ne2 Nh5 8.Be3 Re8 9.Qd2
exd5 10.cxd5 Nd7 11.Bg5 Qc7 12.g4 Nhf6 13.Ng3 Rb8 14.Be2 b5 15.Nf5 Ba5 16.Rg1
Ba6 17.Bxf6 {#r} 1-0

[Event "Cup Doeberl"]
[Site "masterchessopen.com – Canberra (Australia)"]
[Date "2006.04.17"]
[Round "7"]
[White "Bjelobrk Igor (AUS)"]
[Black "Wei Michael (AUS)"]
[Result "1-0"]
[WhiteElo "2386"]
[BlackElo "2117"]

1.d4 Nf6 2.c4 e6 3.Nc3 Bb4 4.f3 c5 5.d5 d6 6.e4 exd5 7.cxd5 O-O 8.Ne2 b5 9.Ng3
Ba6 10.Be2 Ba5 11.O-O b4 12.Bxa6 Nxa6 13.Nce2 c4 14.Kh1 Bb6 15.Nd4 Bxd4
16.Qxd4 Qb6 17.Qxc4 Rfc8 18.Qe2 Rc7 19.Nf5 Rac8 20.Bg5 Ne8 21.Ne7+ Rxe7
22.Bxe7 f6 23.f4 Kf7 24.Qg4 {#r} 1-0

[Event "It (open)"]
[Site "masterchessopen.com – Ditzingen (Germany)"]
[Date "2006.05.26"]
[Round "4"]
[White "Hamboeker Ralf"]
[Black "Woudt Edwin (NED)"]
[Result "0-1"]
[WhiteElo "2163"]
[BlackElo "2072"]

1.d4 Nf6 2.c4 e6 3.Nc3 Bb4 4.f3 c5 5.d5 d6 6.e4 O-O 7.Bg5 h6 8.Bh4 Re8 9.Ne2
exd5 10.cxd5 b5 11.a3 Ba5 12.Qb3 Ba6 13.Nc1 c4 14.Qd1 Bxc3+ 15.bxc3 Nxe4
16.Bxd8 Nxc3+ 17.Ne2 Nxd1 18.Kxd1 Rxd8 19.Nd4 Nd7 20.Rb1 Nf6 21.Kd2 Nxd5
22.Nxb5 Bxb5 23.Rxb5 Nb6 {#R} 0-1

[Event "It \"]
[Site "masterchessopen.com – Las Vegas (USA)"]
[Date "2006.06.16"]
[Round "2"]
[White "Boor Carl Brando (USA)"]
[Black "Perelshteyn Eugene (USA)"]
[Result "0-1"]
[WhiteElo "2253"]
[BlackElo "2540"]

1.d4 Nf6 2.c4 e6 3.Nc3 Bb4 4.f3 d5 5.a3 Be7 6.e4 dxe4 7.fxe4 e5 8.d5 Bc5 9.Nf3
Bg4 10.h3 Bxf3 11.Qxf3 Nbd7 12.Bd3 c6 13.Bd2 a5 14.g4 O-O 15.g5 Ne8 16.h4 Bd4
17.Ne2 Bxb2 18.Rb1 Bxa3 19.Ng3 Bb4 {#R} 0-1

[Event "It (open)"]
[Site "masterchessopen.com – Pula (Croatia)"]
[Date "2006.06.18"]
[Round "1"]
[White "Pregarac Valter (SLO)"]
[Black "Saric Ante (CRO)"]
[Result "0-1"]
[WhiteElo "2088"]
[BlackElo "2489"]

1.d4 Nf6 2.c4 e6 3.Nc3 Bb4 4.f3 Nc6 5.Bg5 h6 6.Bh4 e5 7.d5 Ne7 8.e3 c6 9.dxc6
bxc6 10.Qa4 Qb6 11.Ne2 Nf5 12.Bf2 Nxe3 13.Qb3 Bc5 14.Bxe3 Bxe3 15.Qxb6 axb6
16.Ng3 d6 17.Bd3 g6 18.Ke2 Bd4 19.Kd2 Be6 20.Rhd1 Ke7 {#R} 0-1

[Event "It (open)"]
[Site "masterchessopen.com – Andorra"]
[Date "2006.07.15"]
[Round "8"]
[White "Khenkin Igor (GER)"]
[Black "Satyapragyan Swayangsu (IND)"]
[Result "1-0"]
[WhiteElo "2620"]
[BlackElo "2415"]

1.d4 Nf6 2.c4 e6 3.Nc3 Bb4 4.f3 d5 5.a3 Bxc3+ 6.bxc3 c6 7.e4 dxe4 8.fxe4 e5
9.Nf3 Bg4 10.Qd3 Nbd7 11.dxe5 Nh5 12.Be2 Qa5 13.O-O g6 14.Qd6 O-O-O 15.Be3
Qxc3 16.Bd2 Qc2 17.Nd4 Qxd2 18.Bxg4 Nf4 19.Rxf4 Qxf4 20.Nxc6 bxc6 21.Rb1 {#r}
1-0

[Event "Tournament (juniors)"]
[Site "masterchessopen.com – Lublin (Poland)"]
[Date "2006.07.15"]
[Round "10"]
[White "Moranda Wojciech (POL)"]
[Black "Dymek Lukasz (POL)"]
[Result "1-0"]
[WhiteElo "2462"]
[BlackElo "2033"]

1.d4 Nf6 2.c4 e6 3.Nc3 Bb4 4.f3 c5 5.d5 d6 6.e4 b5 7.Ne2 bxc4 8.Nf4 g5 9.Ne2
exd5 10.exd5 h6 11.Ng3 Nbd7 12.Bxc4 Nb6 13.Bb5+ Kf8 14.O-O Bb7 15.Nce4 Bxd5
16.a3 Ba5 17.b4 cxb4 18.Bb2 Nxe4 19.fxe4 Bc4 20.Bxc4 Nxc4 21.Bxh8 Ne3 22.Qh5
Nxf1 23.Rxf1 Qe7 24.Bf6 {#r} 1-0

[Event "Ch Europe (team) (juniors) (under 18)"]
[Site "masterchessopen.com – Balatonlelle (Hungary)"]
[Date "2006.07.18"]
[Round "7"]
[White "Toth Ervin (HUN)"]
[Black "Zvarik Martin (SVK)"]
[Result "1-0"]
[WhiteElo "2331"]
[BlackElo "2180"]

1.d4 Nf6 2.c4 e6 3.Nc3 Bb4 4.f3 Nh5 5.Nh3 f5 6.e4 O-O 7.e5 f4 8.Bd3 d5 9.Qc2
g6 10.O-O dxc4 11.Bxg6 Qxd4+ 12.Kh1 hxg6 13.Qxg6+ Ng7 14.Bxf4 Bxc3 15.Rad1
Rxf4 16.Nxf4 Nc6 17.Rxd4 Bxd4 18.Nh5 Bxe5 19.Re1 Bxb2 20.Nxg7 Bxg7 21.Qe8+ Kh7
22.Re4 {#r} 1-0

[Event "Memorial Izmailov (open)"]
[Site "masterchessopen.com – Tomsk (Russia)"]
[Date "2006.07.19"]
[Round "8"]
[White "Ibraev Nurlan (KAZ)"]
[Black "Kotsur Pavel (KAZ)"]
[Result "0-1"]
[WhiteElo "2494"]
[BlackElo "2587"]

1.d4 Nf6 2.c4 e6 3.Nc3 Bb4 4.f3 O-O 5.e4 d5 6.e5 Nfd7 7.cxd5 exd5 8.f4 c5
9.Nf3 Nc6 10.Be3 cxd4 11.Nxd4 Re8 12.Bb5 Ndxe5 13.fxe5 Rxe5 14.Kf2 Bc5 15.Bxc6
Qf6+ 16.Qf3 Bxd4 17.Qxf6 Bxe3+ 18.Kf3 gxf6 19.Nxd5 Bg5 20.Nc7 Rf5+ 21.Ke2 bxc6
22.Nxa8 Ba6+ 23.Kd1 Rf2 24.Nc7 Bd3 {#R} 0-1

[Event "Ch World (seniors)"]
[Site "masterchessopen.com – Arvier (Italy)"]
[Date "2006.09.11"]
[Round "1"]
[White "Cebalo Miso (CRO)"]
[Black "Taksrud Vidar (NOR)"]
[Result "1-0"]
[WhiteElo "2489"]
[BlackElo "2107"]

1.d4 Nf6 2.c4 e6 3.Nc3 Bb4 4.f3 d5 5.a3 Be7 6.e4 c5 7.e5 Nfd7 8.cxd5 cxd4
9.Qxd4 exd5 10.Qxd5 Nc6 11.f4 O-O 12.Nf3 a6 13.Be3 Qc7 14.Rc1 Nb6 15.Qb3 Nd7
16.Nd5 Qa5+ 17.Kf2 Bc5 18.Bc4 Qd8 19.Bxc5 Nxc5 20.Qe3 Na4 21.Rhd1 Bd7 22.b3 b5
23.Be2 {#r} 1-0

[Event "Cup European Club"]
[Site "masterchessopen.com – Fuegen (Austria)"]
[Date "2006.10.09"]
[Round "2"]
[White "Ivanchuk Vassily (UKR)"]
[Black "Sokolov Andrei (FRA)"]
[Result "1-0"]
[WhiteElo "2741"]
[BlackElo "2572"]

1.d4 Nf6 2.c4 e6 3.Nc3 Bb4 4.f3 d5 5.a3 Bxc3+ 6.bxc3 c6 7.e4 dxe4 8.fxe4 e5
9.Nf3 Qa5 10.Qd3 Nbd7 11.Bd2 b6 12.Qc2 O-O 13.Bd3 Ne8 14.O-O Nd6 15.c5 Ne8
16.c4 Qa6 17.cxb6 axb6 18.c5 b5 19.a4 Nc7 20.d5 cxd5 21.exd5 Nxd5 22.Bxh7+ Kh8
23.Ng5 N7f6 24.Be4 {#r} 1-0

[Event "Cup European Club"]
[Site "masterchessopen.com – Fuegen (Austria)"]
[Date "2006.10.14"]
[Round "7"]
[White "Asgeirsson Heimir (ISL)"]
[Black "Hammer Jon Ludvig (NOR)"]
[Result "0-1"]
[WhiteElo "2191"]
[BlackElo "2380"]

1.d4 Nf6 2.c4 e6 3.Nc3 Bb4 4.f3 d5 5.a3 Be7 6.e4 dxe4 7.fxe4 e5 8.d5 Bc5 9.Qd3
Ng4 10.Nh3 O-O 11.Bg5 f6 12.Bh4 Bd4 13.O-O-O Nd7 14.Re1 Nc5 15.Qe2 Ne3 16.Ng1
Nb3+ 17.Kb1 Nxc4 18.Qc2 Nbd2+ {#R} 0-1

[Event "It"]
[Site "masterchessopen.com – Ibiza (Spain)"]
[Date "2006.11.18"]
[Round "8"]
[White "Planells Roig Jose (ESP)"]
[Black "Rizouk Aimen (ALG)"]
[Result "0-1"]
[WhiteElo "2070"]
[BlackElo "2438"]

1.d4 Nf6 2.c4 e6 3.Nc3 Bb4 4.f3 O-O 5.e4 d5 6.e5 Nfd7 7.cxd5 exd5 8.f4 c5
9.Nf3 cxd4 10.Nxd4 Nxe5 11.fxe5 Qh4+ 12.Ke2 Bc5 13.Be3 Bg4+ 14.Nf3 d4 15.Ne4
dxe3 16.Nxc5 Qf2+ {#R} 0-1

[Event "It (open)"]
[Site "masterchessopen.com – Belgrade (Yugoslavia)"]
[Date "2006.11.22"]
[Round "1"]
[White "Pavlovic Slobodan (SRB)"]
[Black "Sarovski Nikola (SRB)"]
[Result "0-1"]
[WhiteElo "2194"]
[BlackElo "2065"]

1.d4 Nf6 2.c4 e6 3.Nc3 Bb4 4.f3 O-O 5.e4 d6 6.Bg5 c5 7.d5 exd5 8.cxd5 Re8 9.a3
Bxc3+ 10.bxc3 Nxe4 11.Bxd8 Nxc3+ 12.Kd2 Nxd1 13.Bh4 Ne3 14.Re1 Nxf1+ 15.Rxf1
Nd7 16.Ne2 Ne5 17.Nc3 Bd7 18.Ne4 Nc4+ 19.Kc3 Bb5 20.Rb1 Ba6 21.a4 f5 {#R} 0-1

[Event "Ch Lithuania (juniors) (under 20) (g)"]
[Site "masterchessopen.com – Vilnius (Lithuania)"]
[Date "2007.02.03"]
[Round "7"]
[White "Saulyte Evelina (LTU)"]
[Black "Potapova Jelizaveta (LTU)"]
[Result "0-1"]
[WhiteElo "1968"]
[BlackElo "1962"]

1.d4 Nf6 2.c4 e6 3.Nc3 Bb4 4.f3 d5 5.a3 Bd6 6.e4 c5 7.cxd5 exd5 8.dxc5 Bxc5
9.Nxd5 Nxd5 10.Qxd5 Qb6 11.Bg5 Bf2+ 12.Kd1 O-O 13.Nh3 Be6 14.Qd2 Bd4 15.Bd3 f6
16.Bh4 Nc6 17.Bf2 Rfd8 18.Bxd4 Rxd4 19.Nf2 Rad8 20.f4 Na5 21.Qc3 Rc4 22.Qe1
Qxb2 23.Qxa5 Rxd3+ {#R} 0-1

[Event "Ch City (1/2 final)"]
[Site "masterchessopen.com – Samara (Russia)"]
[Date "2007.02.06"]
[Round "2"]
[White "Solomin Maxim (RUS)"]
[Black "Sevastianov Viktor (RUS)"]
[Result "0-1"]
[WhiteElo "1925"]
[BlackElo "1968"]

1.d4 Nf6 2.c4 e6 3.Nc3 Bb4 4.f3 c5 5.d5 e5 6.e4 d6 7.Bg5 h6 8.Bh4 Bxc3+ 9.bxc3
Nbd7 10.Bd3 Nf8 11.Ne2 Ng6 12.Bf2 Nh5 13.Qd2 Nhf4 14.Nxf4 Nxf4 15.O-O O-O
16.Kh1 b6 17.Rfb1 f5 18.exf5 Nxd3 19.Qxd3 Bxf5 20.Qe2 Bxb1 21.Rxb1 Qd7 22.Qc2
Qf5 23.Qxf5 Rxf5 24.Kg1 Rf4 {#R} 0-1

[Event "It (open)"]
[Site "masterchessopen.com – Lienz (Austria)"]
[Date "2007.02.16"]
[Round "8"]
[White "Svendsen Mads B (DEN)"]
[Black "Berkovich Mark A (ISR)"]
[Result "0-1"]
[WhiteElo "2186"]
[BlackElo "2405"]

1.d4 Nf6 2.c4 e6 3.Nc3 Bb4 4.f3 d5 5.a3 Be7 6.e4 dxe4 7.fxe4 e5 8.d5 Bc5 9.Nf3
Bg4 10.h3 Bh5 11.g4 Bg6 12.b4 Be7 13.Bd3 a5 14.Rb1 axb4 15.axb4 O-O 16.Qe2 c6
17.O-O Na6 18.c5 cxd5 19.Bxa6 Rxa6 20.Nxe5 Bxe4 21.Nxe4 Nxe4 22.Qd3 Bf6 23.Bb2
{#R} 0-1

[Event "It (cat.1)"]
[Site "masterchessopen.com – Budapest (Hungary)"]
[Date "2007.05.11"]
[Round "7"]
[White "Galyas Miklos (HUN)"]
[Black "Titz Heimo (AUT)"]
[Result "1-0"]
[WhiteElo "2433"]
[BlackElo "2223"]

1.d4 Nf6 2.c4 e6 3.Nc3 Bb4 4.f3 c5 5.d5 b5 6.e4 bxc4 7.Bxc4 Nxd5 8.Bxd5 exd5
9.Qxd5 Nc6 10.Ne2 O-O 11.O-O Ba6 12.Rd1 Re8 13.Be3 Qa5 14.a3 Bxc3 15.Nxc3 Rab8
16.b4 cxb4 17.Qxa5 Nxa5 18.axb4 Rbc8 19.Rxa5 Rxc3 20.Bd2 Rd3 21.Rxa6 f5
22.exf5 {#r} 1-0

[Event "Ch Calabria"]
[Site "masterchessopen.com – San Fili (Italy)"]
[Date "2007.06.08"]
[Round "1"]
[White "Abatino Maurizio (ITA)"]
[Black "Piccoli Vincenzo (ITA)"]
[Result "1-0"]
[WhiteElo "2178"]
[BlackElo "2009"]

1.d4 Nf6 2.c4 e6 3.Nc3 Bb4 4.f3 c5 5.d5 d6 6.e4 O-O 7.Bd3 b5 8.Ne2 Bb7 9.O-O
Nbd7 10.Nxb5 Ne5 11.Bg5 Nxd3 12.Qxd3 e5 13.f4 h6 14.fxe5 {#r} 1-0

[Event "It (open)"]
[Site "masterchessopen.com – Sanxenxo (Spain)"]
[Date "2007.06.17"]
[Round "2"]
[White "Rudolph Johannes (GER)"]
[Black "Reinaldo Castineira Roi (ESP)"]
[Result "0-1"]
[WhiteElo "2281"]
[BlackElo "2477"]

1.d4 Nf6 2.c4 e6 3.Nc3 Bb4 4.f3 c5 5.d5 Nh5 6.Nh3 d6 7.Nf2 f5 8.g4 Nf6 9.gxf5
exf5 10.Bg2 Nbd7 11.f4 Bxc3+ 12.bxc3 Qa5 13.Qd3 O-O 14.O-O Nb6 15.e4 fxe4
16.Qg3 Bf5 17.Bh3 Bxh3 18.Nxh3 Nxc4 19.Kh1 Nxd5 20.Rg1 Qxc3 21.Qg5 Rf5 22.Qxf5
Qf3+ {#R} 0-1

[Event "Tournament \"]
[Site "masterchessopen.com – Rome (Italy)"]
[Date "2007.07.09"]
[Round "5"]
[White "Gutmans Mihail (LAT)"]
[Black "Smolkina Milana (GER)"]
[Result "1-0"]
[WhiteElo "2134"]
[BlackElo "1883"]

1.d4 Nf6 2.c4 e6 3.Nc3 Bb4 4.f3 c5 5.d5 d6 6.e4 O-O 7.Bd3 Bd7 8.Ne2 Qc7 9.Bg5
b5 10.O-O a6 11.Kh1 Bxc3 12.Nxc3 b4 13.Ne2 Qd8 14.f4 Qc8 15.Ng3 exd5 16.Bxf6
gxf6 17.exd5 Bg4 18.Qc2 h5 19.h3 h4 20.Nf5 Bxf5 21.Bxf5 Qc7 22.Qe2 Rd8 23.Qg4+
Kf8 24.Qxh4 {#r} 1-0

[Event "It (cat.2) (a)"]
[Site "masterchessopen.com – Budapest (Hungary)"]
[Date "2007.08.09"]
[Round "6"]
[White "Strunski Andreas (GER)"]
[Black "Pitl Gregory (GER)"]
[Result "0-1"]
[WhiteElo "2238"]
[BlackElo "2403"]

1.d4 Nf6 2.c4 e6 3.Nc3 Bb4 4.f3 O-O 5.e3 c5 6.d5 b5 7.Bd2 bxc4 8.Bxc4 Bb7 9.e4
Bxc3 10.Bxc3 Nxd5 11.Bxd5 exd5 12.exd5 Re8+ 13.Ne2 Ba6 {#R} 0-1

[Event "It (open)"]
[Site "masterchessopen.com – Rostock (Germany)"]
[Date "2007.08.24"]
[Round "1"]
[White "Brinkmann Markus (GER)"]
[Black "Wehr Jan"]
[Result "1-0"]
[WhiteElo "2024"]
[BlackElo "1389"]

1.d4 Nf6 2.c4 e6 3.Nc3 Bb4 4.f3 d5 5.a3 Bxc3+ 6.bxc3 b6 7.Bg5 h6 8.Bh4 Nbd7
9.e3 c5 10.cxd5 exd5 11.Bb5 O-O 12.Bc6 Rb8 13.Bg3 Bb7 14.Bxb8 Bxc6 15.Bg3 Re8
16.Bf2 Nh5 17.Ne2 Qg5 18.O-O f5 19.Re1 Ndf6 20.Qd2 Bd7 21.Nf4 Nxf4 22.exf4 Qh5
23.dxc5 {#r} 1-0

[Event "It (open)"]
[Site "masterchessopen.com – Villa Martelli (Argentina)"]
[Date "2007.10.10"]
[Round "1"]
[White "Barrionuevo Pablo (ARG)"]
[Black "Arbulu Rocha Miguel (ARG)"]
[Result "1-0"]
[WhiteElo "2319"]
[BlackElo "1928"]

1.d4 Nf6 2.c4 e6 3.Nc3 Bb4 4.f3 d5 5.a3 Bxc3+ 6.bxc3 Nbd7 7.cxd5 exd5 8.e3 b6
9.Bd3 Bb7 10.Ne2 O-O 11.O-O c5 12.Ng3 Rc8 13.e4 cxd4 14.cxd4 dxe4 15.fxe4 Re8
16.e5 Nxe5 17.dxe5 Qd4+ 18.Kh1 Qxe5 19.Bf4 Qd5 20.Qd2 Rcd8 21.Rad1 Qb3 22.Bg5
Ba6 23.Bxf6 gxf6 24.Qh6 {#r} 1-0

[Event "It (open) (active)"]
[Site "masterchessopen.com – El Sauzal (Spain)"]
[Date "2007.11.03"]
[Round "2"]
[White "Vela Villares Hector (ESP)"]
[Black "Kurajica Bojan (CRO)"]
[Result "0-1"]
[WhiteElo "2044"]
[BlackElo "2554"]

1.d4 Nf6 2.c4 e6 3.Nc3 Bb4 4.f3 d5 5.a3 Bxc3+ 6.bxc3 c6 7.e3 O-O 8.Bd3 Nbd7
9.e4 dxe4 10.fxe4 Nxe4 11.Nf3 f5 12.Bxe4 fxe4 13.Ng5 Qa5 14.Nxe4 Nf6 15.Nxf6+
Rxf6 16.Qd3 e5 17.Qd2 exd4 18.cxd4 Qf5 19.h3 Be6 20.Bb2 Qe4+ 21.Kd1 Bxc4
22.Re1 Qh4 23.Qe3 Re6 24.Qd2 Bb3+ {#R} 0-1

[Event "It (open) (active)"]
[Site "masterchessopen.com – El Sauzal (Spain)"]
[Date "2007.11.04"]
[Round "9"]
[White "Moskalenko Viktor (UKR)"]
[Black "Villavicencio Adalberto (ESP)"]
[Result "1-0"]
[WhiteElo "2575"]
[BlackElo "2381"]

1.d4 Nf6 2.c4 e6 3.Nc3 Bb4 4.f3 c5 5.d5 exd5 6.cxd5 d6 7.e4 O-O 8.Bd3 a6 9.Ne2
Nbd7 10.O-O Ne5 11.Bc2 b5 12.Kh1 Ba5 13.Ng3 Re8 14.Nce2 Bb6 15.b3 a5 16.h3 a4
17.Bb2 axb3 18.axb3 Bb7 19.Rxa8 Qxa8 {#r} 1-0

[Event "It (open)"]
[Site "masterchessopen.com – Rijeka (Croatia)"]
[Date "2007.12.02"]
[Round "9"]
[White "Sirletti Sonia (ITA)"]
[Black "Segovic Goran (CRO)"]
[Result "0-1"]
[WhiteElo "1999"]
[BlackElo "2076"]

1.d4 Nf6 2.c4 e6 3.Nc3 Bb4 4.f3 c5 5.a3 Ba5 6.d5 O-O 7.e4 exd5 8.cxd5 Bxc3+
9.bxc3 Re8 10.Ne2 d6 11.Ng3 Qa5 12.Bd2 c4 13.Kf2 Nbd7 14.Bxc4 Qc5+ 15.Be3 Qxc4
16.Nf5 Qc7 17.Qd2 Ne5 18.Bg5 Bxf5 19.Bxf6 gxf6 20.exf5 Qc5+ 21.Kf1 Qc4+ 22.Kf2
Nd3+ 23.Kg3 Kh8 24.h3 Re2 {#R} 0-1

[Event "Ch City (1/2 final)"]
[Site "masterchessopen.com – Omsk (Russia)"]
[Date "2007.12.07"]
[Round "6"]
[White "Adamson Garry (RUS)"]
[Black "Usatchev Sergei (RUS)"]
[Result "1-0"]
[WhiteElo "2144"]
[BlackElo "1867"]

1.d4 Nf6 2.c4 e6 3.Nc3 Bb4 4.f3 d5 5.a3 Bxc3+ 6.bxc3 Nh5 7.g3 c5 8.e4 Qa5
9.Bd2 dxc4 10.Bxc4 b5 11.Be2 c4 12.e5 g6 13.a4 Qb6 14.Bh6 Rg8 15.Nh3 Nd7
16.O-O Nxe5 17.a5 Qc7 18.dxe5 Qxe5 19.g4 Ng3 20.Re1 Nxe2+ 21.Rxe2 Qxc3 22.a6
Bd7 23.Re3 {#r} 1-0

[Event "Ch Region"]
[Site "masterchessopen.com – Samara (Russia)"]
[Date "2007.12.23"]
[Round "9"]
[White "Purygin Andrei (RUS)"]
[Black "Belikov Alexey (RUS)"]
[Result "1-0"]
[WhiteElo "2196"]
[BlackElo "2289"]

1.d4 Nf6 2.c4 e6 3.Nc3 Bb4 4.f3 Nc6 5.e4 e5 6.d5 Bxc3+ 7.bxc3 Nb8 8.c5 d6
9.cxd6 cxd6 10.Bg5 Nbd7 11.Bd3 Qc7 12.Ne2 b6 13.O-O Bb7 14.Qe1 h6 15.Be3 Nc5
16.Bb5+ Nfd7 17.Ng3 a6 18.Be2 O-O 19.Nf5 Kh7 20.Bxh6 gxh6 21.Qh4 {#r} 1-0

[Event "Cup Rilton"]
[Site "masterchessopen.com – Stockholm (Sweden)"]
[Date "2007.12.27"]
[Round "1"]
[White "Adler Bo (SWE)"]
[Black "Carlsson Pontus (SWE)"]
[Result "0-1"]
[WhiteElo "2208"]
[BlackElo "2481"]

1.d4 Nf6 2.c4 e6 3.Nc3 Bb4 4.f3 O-O 5.e4 d5 6.cxd5 exd5 7.e5 Nfd7 8.a3 Bxc3+
9.bxc3 f6 10.f4 fxe5 11.dxe5 Nxe5 12.fxe5 Qh4+ 13.Kd2 Qf4+ 14.Kc2 Qxf1
15.Qxd5+ Kh8 16.Bb2 Bf5+ 17.Kb3 Qa6 18.c4 Be6 19.Qe4 b5 20.Nf3 bxc4+ {#R} 0-1

[Event "It (open)"]
[Site "masterchessopen.com – Zurich (Switzerland)"]
[Date "2007.12.27"]
[Round "2"]
[White "Gaule Patrick (SUI)"]
[Black "Knoedler Dieter (GER)"]
[Result "0-1"]
[WhiteElo "2173"]
[BlackElo "2371"]

1.d4 e6 2.c4 Nf6 3.Nc3 Bb4 4.f3 c5 5.d5 Bxc3+ 6.bxc3 Qa5 7.Bd2 d6 8.e4 O-O
9.Ne2 Nbd7 10.Nf4 Ne5 11.Be2 exd5 12.cxd5 c4 13.Qb1 Bd7 14.g4 b5 15.Kf2 Kh8
16.Kg2 Rae8 17.Qg1 Ng6 18.Qd4 Bxg4 19.fxg4 Rxe4 20.Nxg6+ fxg6 21.Qf2 b4 22.Bf3
Nxg4 23.Qg3 Qxd5 24.Kh3 Qxd2 {#R} 0-1

[Event "It (open) (b)"]
[Site "masterchessopen.com – Moscow (Russia)"]
[Date "2008.02.02"]
[Round "1"]
[White "Yudkevich Mikhail (RUS)"]
[Black "Perpeliev Gencho (RUS)"]
[Result "1-0"]
[WhiteElo "2188"]
[BlackElo "1712"]

1.d4 Nf6 2.c4 e6 3.Nc3 Bb4 4.f3 d5 5.a3 Bxc3+ 6.bxc3 c6 7.e3 Qa5 8.Bd2 Nbd7
9.Bd3 dxc4 10.Bxc4 b5 11.Bd3 Qb6 12.Ne2 O-O 13.Rb1 c5 14.a4 cxd4 15.cxd4 Bb7
16.axb5 a5 17.bxa6 {#r} 1-0

[Event "Ch Uruguay"]
[Site "masterchessopen.com – Montevideo (Uruguay)"]
[Date "2008.05.30"]
[Round "1"]
[White "Guerrero Alvaro (URU)"]
[Black "Carvalho Guillermo (URU)"]
[Result "0-1"]
[WhiteElo "2153"]
[BlackElo "2249"]

1.d4 Nf6 2.c4 e6 3.Nc3 Bb4 4.f3 c5 5.d5 b5 6.e4 bxc4 7.Bxc4 exd5 8.exd5 O-O
9.Ne2 Ba6 10.Bxa6 Nxa6 11.O-O c4 12.Kh1 Qb6 13.Rb1 Rfe8 14.Bg5 Nc5 15.Qd4 Nd3
16.Bxf6 Qxf6 17.Qxf6 gxf6 18.Ne4 Kg7 19.g4 Re5 20.b3 c3 21.Rbd1 Nb2 22.Rc1 Rc8
23.N2xc3 Nd3 24.f4 Rxe4 {#R} 0-1